000 00768nam a2200217Ia 4500
999 _c46918
_d46918
001 13771
003 GE_BSU
005 20241010174017.0
008 181216s2007||||ge |||||||||||||| ||geo||
020 _a978994037476
040 _cGE_BSU
041 _ageo
080 _a72(73)+821.353.1-94 დ-15
100 _aდავითაია, ვახტანგ
_915482
245 _aამერიკული დღიური /
_cვახტანგ დავითაია ; რედ. : ჯ. თითმერია.
250 _a[მე-2 გამოც.]
264 _aთბილისი :
_bცოდნა,
_c2007.
300 _a160 გვ. :
_bილ. ;
_c20 სმ.
653 _aამერიკული დღიური
942 _cBK
_2udc